Original Short Stories — Volume 01 (Record no. 232406)
[ view plain ]
| 000 -LEADER | |
|---|---|
| fixed length control field | 01028cam a22002773a 4500 |
| 001 - CONTROL NUMBER | |
| control field | 3077 |
| 003 - CONTROL NUMBER IDENTIFIER | |
| control field | PGUSA |
| 005 - DATE AND TIME OF LATEST TRANSACTION | |
| control field | 20140828083025.0 |
| 008 - FIXED-LENGTH DATA ELEMENTS--GENERAL INFORMATION | |
| fixed length control field | 041003s2004||||xxu|||||s|||||000 | eng d |
| 040 ## - CATALOGING SOURCE | |
| Original cataloging agency | PGUSA |
| Language of cataloging | eng |
| 042 ## - AUTHENTICATION CODE | |
| Authentication code | dc |
| 050 #4 - LIBRARY OF CONGRESS CALL NUMBER | |
| Classification number | PQ |
| 100 1# - MAIN ENTRY--PERSONAL NAME | |
| Personal name | Maupassant, Guy de, |
| Dates associated with a name | 1850-1893 |
| 245 10 - TITLE STATEMENT | |
| Title | Original Short Stories — Volume 01 |
| Medium | [electronic resource] / |
| Statement of responsibility, etc | Guy de Maupassant |
| 260 ## - PUBLICATION, DISTRIBUTION, ETC. (IMPRINT) | |
| Name of publisher, distributor, etc | Project Gutenberg, |
| Date of publication, distribution, etc | 2004 |
| 505 0# - FORMATTED CONTENTS NOTE | |
| Formatted contents note | Boule de Suif --Two friends -- The lancer's wife -- The prisoners -- Two little soldiers -- Father Milon -- A coup d'tat -- Lieutenant Lare's marriage --The horrible --Madame Parisse --Mademoiselle Fifi -- A duel. |
| 506 ## - RESTRICTIONS ON ACCESS NOTE | |
| Terms governing access | Public domain in the USA. |
| 516 ## - TYPE OF COMPUTER FILE OR DATA NOTE | |
| Type of computer file or data note | Electronic text |
| 653 ## - INDEX TERM--UNCONTROLLED | |
| Uncontrolled term | Short stories, French -- Translations into English |
| 700 1# - ADDED ENTRY--PERSONAL NAME | |
| Personal name | Henderson, A. E. |
| 700 1# - ADDED ENTRY--PERSONAL NAME | |
| Personal name | McMaster, Albert Cohn |
| 700 1# - ADDED ENTRY--PERSONAL NAME | |
| Personal name | Quesada, Louise Charlotte Garstin |
| 830 #0 - SERIES ADDED ENTRY--UNIFORM TITLE | |
| Uniform title | Project Gutenberg |
| Volume number/sequential designation | 3077 |
| 856 40 - ELECTRONIC LOCATION AND ACCESS | |
| Uniform Resource Identifier | <a href="http://www.gutenberg.org/ebooks/3077">http://www.gutenberg.org/ebooks/3077</a> |
| 942 ## - ADDED ENTRY ELEMENTS (KOHA) | |
| Koha item type | eBooks |
| Withdrawn status | Lost status | Damaged status | Home library | Current library | Date acquired | Total Checkouts | Date last seen | Price effective from | Koha item type |
|---|---|---|---|---|---|---|---|---|---|
| Project Gutenberg | Project Gutenberg | 08/28/2014 | 08/28/2014 | 08/28/2014 | eBooks |